| 000 | 00562nam a22001937a 4500 | ||
|---|---|---|---|
| 999 |
_c8019 _d8019 |
||
| 003 | OSt | ||
| 005 | 20220831110201.0 | ||
| 008 | 220831b ||||| |||| 00| 0 eng d | ||
| 020 | _a0136791271 | ||
| 040 | _cddc | ||
| 082 | _a631.5 LIN 1990 | ||
| 100 |
_aLindsey, K; M.G.K. Jones _916309 |
||
| 245 | _aPlant biotechnology in agriculture | ||
| 260 |
_aEnglewood Cliffs, N.J. : _b Prentice Hall; _c c1990 |
||
| 300 |
_ax, 241 p. : _b ill. ; _c24 cm |
||
| 504 | _aIncludes bibliographical references. | ||
| 650 |
_aPlant biotechnology. _916310 |
||
| 942 |
_2ddc _cBOOK |
||